| 000 | 00981cam a2200217 4500 | ||
|---|---|---|---|
| 001 | WB4013-08 | ||
| 008 | 040401n2004 000 0 eng u | ||
| 035 | _a(Sirsi) u125710 | ||
| 245 | _aUK housing worth nearly £3 trillion | ||
| 260 | _c2004 | ||
| 490 |
_aHalifax Building Society Press Release _v29 March 2004 (6) |
||
| 520 | _aResearch by the Halifax Building Society shows that the value of UK private residential housing stock rose to nearly £3 trillion in 2003, nearly double the level five years ago. Ten years ago the stock was valued at around £1.1 trillion. All regions in the UK have seen at least an 85% increase in the value of their housing assets over the past 10 years, with Greater London rising the most (247%) and Scotland the least (87%). | ||
| 590 | _aWB | ||
| 590 | _aWB | ||
| 650 | _aPRIVATE RESIDENCES | ||
| 650 | _aHOUSING STOCK | ||
| 650 | _aHOUSING STATISTICS | ||
| 650 | _aHOUSE VALUES | ||
| 690 | _aHOUSING-HOUSE PRICES | ||
| 942 | _n0 | ||
| 999 |
_c117161 _d117161 |
||